| 000 | 00369nam a22001457a 4500 | ||
|---|---|---|---|
| 005 | 20180313120113.0 | ||
| 008 | 170817b xxu||||| |||| 00| 0 eng d | ||
| 040 | _cPK-LaUMT | ||
| 082 |
_aZIAC 297 _bAME-S |
||
| 100 | _aAmeer Ali Syed | ||
| 245 |
_aThe spirit of Islam/ _cAmeer Ali Syed |
||
| 260 |
_aLahore: _bProgressive books, _c[ ] |
||
| 300 | _a412 p. | ||
| 942 | _cBK | ||
| 999 |
_c97317 _d97317 |
||